Монгол бөхийн нэвтэрхий толь (Бичлэгийн дугаар. 43208)

MARC дэлгэрэнгүй
000 -Удирдлага
Ном зүйн бүртгэл тоо буюу кодлох утгыг агуулсан 01774 a2200241 4500
003 - ХЯНАЛТЫН ТОО ТОДОРХОЙЛОГЧ
Код MN-UlNLM
005 - ХАМГИЙН СҮҮЛИЙН ҮЕИЙН ХЭЛЦЛИЙН ОГНОО БА ЦАГ
Тухайн бичилтийг бичсэн засварласан сүүлийн огноо. 20220508160600.0
008 - ЕРӨНХИЙ МЭДЭЭЛЭЛ-ЭЛЕМЕНТҮҮДИЙН ӨГӨГДЛИЙН УРТ
fixed length control field a130t2013 mp ||||| |||| 00| 0 mon d
020 ## - ОЛОН УЛСЫН СТАНДАРТ НОМЫН ДУГААР-ISBN
Олон Улсын Стандарт Номын Дугаар 978-99962-2-619-9
040 ## - ЭХ СУРВАЛЖИЙГ ТОДОРХОЙЛОН БИЧИХ
Анхны каталогийн байгууллага Монгол Улсын Үндэсний номын сан
084 ## - БУСАД АНГИЛЛЫН ДУГААР
Ангиллын нэр Номын сан номзүйн ангилал
Анги 75.715я2
Зохиогчийн 3-н тэмдэгт М 692
Шинжлэх ухааны мэдлэгийн салбар Соёл, шинжлэх ухаан, боловсрол - 7
110 ## - ДЭЭД ГАРЧГИЙН МЭДЭЭ
Эрхлэн гаргасан байгууллагын нэр Монголын Үндэсний бөхийн холбоо, Монголын бөхийн хөгжил сан
245 0# - ҮНДСЭН ГАРЧИГ
Гарчиг Монгол бөхийн нэвтэрхий толь
Оролцогчдын тухай мэдээ Ред. Р.Нямдорж
260 1# - ГАРАЛТЫН ТУХАЙ МЭДЭЭ
Хэвлэгдсэн газар УБ
Хэвлэлийн газар Соёмбо принтинг
Хэвлэгдсэн он 2013
300 ## - ТООНЫ МЭДЭЭ
Хуудасны тоо 679х
Дагалдах материал Зур.
500 ## - НОМЫН ТОВЧ АГУУЛГА
Дэлгэрэнүй тайлбар Монгол үндэсний бөхийн мэхний судалгаа, бөхийн намтар барилдаан, бөхийн сэдэвт ном товхимол, кино, уран зураг, баримал, дуу бүжиг, хөшөө дурсгал зэргийг багтаасан бүтээл.
546 ## - ХЭЛНИЙ ТУХАЙ МЭДЭЭ
Хэл
653 ## - ТҮЛХҮҮР ҮГС
Түлхүүр үг Соёл шинжлэх ухаан боловсрол
-- Биеийн тамир спорт
-- Спортын барилдаан
740 ## - НОМЫН АГУУЛГЫН ГАРЧИГ
Номын гарчгууд Монгол бөхийн үндсэн ойлголт.
-- Монгол бөхийн мэх, мэхний хувилбар.
-- Монголын алдарт бөхчүүд.
-- Монгол бөхийн ам бүлийнхэн.
-- Монгол бөхийн сэдэвт бүтээл.
-- Монгол бөхийн сэдэвт ном, товхимол.
-- Монгол бөхийн сэдэвт баримтат болон уран сайхны кино.
-- Монгол бөхийн сэдэвт дуу, бүжиг.
-- Зураасан зураг, уран зураг.
-- Бөхийн хөшөө.
856 ## - ЭЛЕКТРОН БАЙРЛАЛ БА ХОЛБООС
Төрөл Хэвлэмэл ном
942 ## - ЭЛЕМЕНТИЙН ТӨРӨЛ
Төрөл Ном
Захиалгууд
Буцаан татагдсан төлөв Хасагдсан шалтгаан Гэмтсэн төлөв Данс заагч Захиалах боломжгүй Үндсэн номын сан Одоогийн байршил Салбар танхим Сан хөмрөг 5 Бүртгэсэн огноо Тавиурын заалт Баркод Үнэ Хамгийн сүүлд байсан огноо Салбар Нийт уншлаганд гарсан тоо Хамгийн сүүлд уншлаганд гарсан огноо Төрөл Уншлаганд гарсан Бүрдүүлэлтийн эх үүсвэр Фактур мөрийн дугаар
          МУҮНомын сан салбар МУҮНомын сан салбар МУҮНС салбар | Эрдэм танхим 7 давхар МУҮНС салбар | Эрдэм танхим 7 давхар 2021-09-03 12365 03012365 120000.00 2022-11-22 0000030123 14 2021-12-28 Ном      
          МУҮНомын сан салбар МУҮНомын сан салбар МУҮНС салбар | Эрдэм танхим 7 давхар МУҮНС салбар | Эрдэм танхим 7 давхар 2021-09-03 12364 03012364 120000.00 2025-01-28 0000030123 6 2025-01-28 Ном 2025-01-28    
          МУҮНомын сан салбар МУҮНомын сан салбар МУҮНС салбар | Эрдэм танхим 7 давхар МУҮНС салбар | Эрдэм танхим 7 давхар 2022-09-26 21398 000030021398 90000.00 2023-04-29   5 2023-04-29 Ном   Нөхөн бүрдүүлэлт 220307.00